000 00527nam a2200217Ia 4500
005 20250425162829.0
008 250425s9999 xx 000 0 und d
020 _a9509103428
041 _aspa
044 _aag
082 _a340.03
_pOme
110 _aOmeba
245 0 _aEnciclopedia jurídica Omeba: GARA-HIJO (tomo XIII)
_cOmeba
250 _as.e.
260 _aBuenos Aires
_bDriskill
_c1991
300 _a1002 páginas
362 _aXIII
650 _aEnciclopedias-Derecho
942 _c01
010 _a110787
999 _c237311
_d237311